| Tag |
First Indicator |
Second Indicator |
Subfields |
| LEADER |
00000cam a2200000La 4500 |
| 001 |
in00001746927 |
| 005 |
20220105121647.0 |
| 006 |
m u |
| 007 |
cr cn- |
| 008 |
001128s1985 ncuabc sb s001 0beng d |
| 010 |
|
|
|z 84026958
|
| 020 |
|
|
|a 080786661X (electronic bk.) :
|c $34.95
|
| 020 |
|
|
|z 0807847097 (pbk. : alk. paper)
|
| 020 |
|
|
|z 0807816477 (cloth : alk. paper)
|
| 035 |
|
|
|a (OCoLC)ocm45731951
|
| 040 |
|
|
|a N$T
|c N$T
|d OCL
|d UtOrBLW
|
| 043 |
|
|
|a n-usu--
|a n-us-nc
|
| 049 |
|
|
|a IKMN
|
| 050 |
1 |
4 |
|a E467.1.B79
|b D38 1985eb
|
| 082 |
0 |
4 |
|a 973.7/456/0924
|2 19
|
| 100 |
1 |
|
|a Davis, Archie K.
|0 http://id.loc.gov/authorities/names/n84218081
|
| 245 |
1 |
0 |
|a Boy colonel of the Confederacy :
|b the life and times of Henry King Burgwyn, Jr. /
|c Archie K. Davis.
|
| 264 |
|
1 |
|a Chapel Hill :
|b University of North Carolina Press,
|c [1985]
|
| 264 |
|
4 |
|c ©1985
|
| 300 |
|
|
|a xiv, 406 pages :
|b illustrations, maps, portraits ;
|c 24 cm.
|
| 336 |
|
|
|a text
|b txt
|2 rdacontent
|
| 337 |
|
|
|a computer
|b c
|2 rdamedia
|
| 338 |
|
|
|a online resource
|b cr
|2 rdacarrier
|
| 504 |
|
|
|a Includes bibliographic references (pages 355-393) and index.
|
| 533 |
|
|
|a Electronic reproduction.
|b Boulder, Colo. :
|c NetLibrary,
|d 2000.
|n Available via World Wide Web.
|n Access may be limited to NetLibrary affiliated libraries.
|
| 500 |
|
|
|a Electronic resource.
|
| 600 |
1 |
0 |
|a Burgwyn, Henry King,
|c Jr.,
|d 1841-1863.
|0 http://id.loc.gov/authorities/names/n84218078
|
| 610 |
1 |
0 |
|a Confederate States of America.
|b Army
|v Biography.
|
| 650 |
|
0 |
|a Soldiers
|z North Carolina
|v Biography.
|
| 651 |
|
0 |
|a North Carolina
|v Biography.
|0 http://id.loc.gov/authorities/subjects/sh2008116390
|
| 600 |
1 |
4 |
|a Burgwyn, Henry King,
|d 1841-1863.
|
| 610 |
1 |
4 |
|a Confederate States of America.
|b Army
|v Biography.
|
| 655 |
|
7 |
|a Electronic books.
|2 local
|
| 710 |
2 |
|
|a NetLibrary, Inc.
|0 http://id.loc.gov/authorities/names/no99080690
|
| 776 |
1 |
|
|c Original
|w (DLC) 84026958
|w (OCoLC)11532509
|
| 856 |
4 |
1 |
|u https://proxy.library.tamu.edu/login?url=http://www.netLibrary.com/urlapi.asp?action=summary&v=1&bookid=47648
|z Connect to the full text of this electronic book
|t 0
|
| 994 |
|
|
|a 92
|b IKM
|
| 999 |
|
|
|a MARS
|
| 999 |
f |
f |
|s d84f9ae4-b633-3d71-91ce-d07d554fb15c
|i 2ec9666f-8d91-3312-8328-c347715572f9
|t 0
|
| 952 |
f |
f |
|a Texas A&M University
|b College Station
|c Electronic Resources
|d Available Online
|t 0
|e E467.1.B79 D38 1985eb
|h Library of Congress classification
|
| 998 |
f |
f |
|a E467.1.B79 D38 1985eb
|t 0
|l Available Online
|